Qué quieres que haga?: toda vida es una llamada
Na minha lista:
| Autor principal: | |
|---|---|
| Formato: | Livro |
| Idioma: | espanhol |
| Publicado em: |
Santiago
Ediciones Paulinas
1984
|
| Edição: | 1a. ed |
| coleção: | Quiero Ser!, 6
|
| Assuntos: | |
| Tags: |
Adicionar Tag
Sem tags, seja o primeiro a adicionar uma tag!
|
MARC
| LEADER | 00000cam a2200000 a 4500 | ||
|---|---|---|---|
| 001 | UCD1004 | ||
| 003 | CL-VaPUC | ||
| 008 | 151231e19840000cl |||||||||||||||||spa|d | ||
| 082 | 0 | 4 | |a 248 |b ZEZ |2 21 |
| 100 | 0 | |a Zezinho |e author |9 584082 | |
| 245 | 1 | 0 | |a Qué quieres que haga?: toda vida es una llamada |
| 250 | |a 1a. ed | ||
| 300 | |a 149 p | ||
| 942 | |c BK | ||
| 945 | |d 20151231 00:35:00 |a gsalatino | ||
| 260 | |a Santiago |b Ediciones Paulinas |c 1984 | ||
| 650 | 0 | |a Espiritualidad |9 267331 | |
| 650 | 0 | |a Ejercicios espirituales |9 318608 | |
| 650 | 0 | |a Juventud |9 271073 | |
| 583 | |a last modification |c 20151231 00:35:00 |k Rodrigo Vera | ||
| 490 | 0 | |a Quiero Ser!, 6 | |
| 999 | |c 362434 |d 362432 | ||
| 952 | |0 0 |1 0 |3 erb |4 0 |6 248_000000000000000_ZEZ_1984 |7 0 |8 P |9 473702 |a BIBTEO |b BIBTES |c TEO_FTES |i 5275237 |o 248 ZEZ 1984 |p 5275237 |r 2024-01-18 |w 2019-11-24 |y BK |z Catalogado en:20151231 |k ICR | ||